|
|
|
|
| LEADER |
00994nam a22002895a 4500 |
| 001 |
DER.der014844 |
| 008 |
230926s2023####xx############000#0#und#d |
| 005 |
20240405154806.0 |
| 245 |
1 |
0 |
|a Curso de derecho financiero. /
|c Sebastián P. Espeche.
|
| 250 |
|
|
|a 3a. ed.
|
| 260 |
|
|
|a Ciudad Autónoma de Buenos Aires :
|b Erreius,
|c 2023.
|
| 300 |
|
|
|a 616 p.
|
| 020 |
|
|
|a 9789877933697
|
| 100 |
1 |
|
|a Espeche, Sebastián P.
|
| 700 |
1 |
|
|a Bulit Goñi, Enrique G.,
|e prol.
|
| 700 |
1 |
|
|a Casás, José Osvaldo,
|e prol.
|
| 650 |
|
7 |
|a DERECHO TRIBUTARIO
|
| 650 |
|
7 |
|a IMPUESTOS
|
| 650 |
|
7 |
|a GASTO PUBLICO
|
| 650 |
|
7 |
|a RECURSOS PUBLICOS
|
| 650 |
|
7 |
|a PRESUPUESTO
|
| 650 |
|
7 |
|a TASAS
|
| 650 |
|
7 |
|a DERECHO CONSTITUCIONAL TRIBUTARIO
|
| 859 |
|
|
|a DERECHO
|b BIB. DERECHO
|h 343.07
|i ESP
|p 0010235
|t 1
|3 Tomo I
|
| 859 |
|
|
|a DERECHO
|b BIB. DERECHO
|h 343.07
|i ESP
|p 0010307
|t 2
|3 Tomo I
|
| 859 |
|
|
|a DERECHO
|b BIB. DERECHO
|h 343.07
|i ESP
|p 0010236
|t 1
|3 Tomo II
|
| 859 |
|
|
|a DERECHO
|b BIB. DERECHO
|h 343.07
|i ESP
|p 0010308
|t 2
|3 Tomo II
|